[Event "GER-chT North U12"]
[Site "Magdeburg"]
[Date "2012.09.07"]
[Round "3.4"]
[White "Davydov, Philipp"]
[Black "Adelmeyer, Matti"]
[Result "0-1"]
[WhiteElo "800"]
[BlackElo "1169"]
[PlyCount "88"]
[EventDate "2012.09.06"]
[EventType "team-swiss"]
[EventRounds "7"]
[EventCountry "GER"]
[SourceTitle "EXT 2015"]
[Source "ChessBase"]
[SourceDate "2014.11.20"]
[SourceVersion "1"]
[SourceVersionDate "2014.11.20"]
[SourceQuality "1"]
[WhiteTeam "Delmenhorst"]
[BlackTeam "Doellnitz"]
[WhiteTeamCountry "GER"]
[BlackTeamCountry "GER"]

1. e4 e5 2. Nf3 Nc6 3. d4 exd4 4. Nxd4 Bc5 5. Nxc6 bxc6 6. Nc3 Nf6 7. e5 Ng8 8. Na4 Qe7 9. Qe2 Bd4 10. Bf4 Qb4+ 11. c3 Qxa4 12. cxd4 Qxd4 13. Qe3 Qb4+ 14. Qd2 Qxd2+ 15. Bxd2 Ne7 16. Bd3 Rb8 17. b3 0-0 18. 0-0 Nd5 19. Rfe1 Nb4 20. Bxb4 Rxb4 21. Re4 Rxe4 22. Bxe4 Ba6 23. Rd1 g6 24. Rxd7 Re8 25. Bxc6 Rxe5 26. Rd1 Re6 27. Bd7 Rd6 28. Rxd6 cxd6 29. f3 d5 30. Kf2 d4 31. Ke1 Kf8 32. a4 Ke7 33. Bc6 Kd6 34. Be4 Kc5 35. g4 Kb4 36. Bc2 Kc3 37. Kd1 d3 38. Bb1 Kb2 39. Kd2 Kxb1 40. Kc3 Kc1 41. Kb4 d2 42. Ka5 d1Q 43. b4 Qd8+ 44. Kxa6 Qb6# 0-1

[Event "GER-chT North U12"]
[Site "Magdeburg"]
[Date "2012.09.07"]
[Round "4.4"]
[White "Schulze, Lukas"]
[Black "Davydov, Philipp"]
[Result "1-0"]
[WhiteElo "970"]
[BlackElo "800"]
[PlyCount "79"]
[EventDate "2012.09.06"]
[EventType "team-swiss"]
[EventRounds "7"]
[EventCountry "GER"]
[SourceTitle "EXT 2015"]
[Source "ChessBase"]
[SourceDate "2014.11.20"]
[SourceVersion "1"]
[SourceVersionDate "2014.11.20"]
[SourceQuality "1"]
[WhiteTeam "Lehrte"]
[BlackTeam "Delmenhorst"]
[WhiteTeamCountry "GER"]
[BlackTeamCountry "GER"]

1. d4 d5 2. c4 Nf6 3. Nc3 Nc6 4. Bg5 e6 5. Nf3 Bb4 6. e3 Bxc3+ 7. bxc3 Ne4 8. Bxd8 Nxd8 9. Qa4+ c6 10. cxd5 exd5 11. c4 dxc4 12. Bxc4 0-0 13. 0-0 b5 14. Bxb5 cxb5 15. Qxb5 a6 16. Qc4 Nd6 17. Qd5 N8b7 18. Rfc1 Be6 19. Qh5 f6 20. d5 Bf7 21. Qg4 f5 22. Qg5 h6 23. Qg3 Bxd5 24. Rc7 Rf7 25. Rac1 Bxf3 26. Qxf3 a5 27. Rxf7 Nxf7 28. Qxf5 Rd8 29. h3 Nbd6 30. Qg4 Ne5 31. Qg3 Re8 32. Rc7 g5 33. h4 Ne4 34. Qh2 Ng4 35. Qh3 Nexf2 36. Qf3 Rf8 37. Qd5+ Kh8 38. Qd4+ Rf6 39. Qd8+ Rf8 40. Qxf8# 1-0